000 02268nam a22004457a 4500
003 OSt
005 20250911154344.0
008 240215b ||||| |||| 00| 0 eng d
040 _c0
082 _aDPer 621.317 Ie21 May 2022 v. 37 n. 5
100 _aRodriguez, Jose.
_eauthor.
_952487
245 _aLatest advances of model predictive control in electrical drives—part II:
_bapplications and benchmarking with classical control method /
_cJose Rodriguez, Cristian Garcia, Andres Mora, S. Alireza Davari, Jorge Rodas, Diego Fernando Valencia, Mahmoud Elmorshedy, Fengxiang Wang, Kunkun Zuo, Luca Tarisciotti, Freddy Flores-Bahamonde, Wei Xu, Zhenbin Zhang, Yongchang Zhang, Margarita Norambuena, Ali Emadi, Tobias Geyer, Ralph Kennel, Tomislav Dragicevic, Davood Arab Khaburi, Zhen Zhang, Mohamed Abdelrahem, and Nenad Mijatovic.
260 _aNew York ;
_bThe Institute of Electrical and Electronics Engineers, Inc. ,
_cMay 2022.
300 _aVolume 37, pages 5047-5061 :
_billustration ;
_c28 cm.
500 _aIEEE Transactions on Power Electronics, vol. 37, no. 5, pages 5047-5061, May 2022.
700 _aRodriguez, Jose.
_eauthor.
_952487
700 _aGarcia, Cristian.
_eauthor.
_952488
700 _aMora, Andres.
_eauthor.
_952489
700 _aDavari, S. Alireza.
_eauthor.
_952490
700 _aRodas, Jorge.
_eauthor.
_952491
700 _aValencia, Diego Fernando.
_eauthor.
_952492
700 _aElmorshedy, Mahmoud.
_eauthor.
_952493
700 _aWang, Fengxiang.
_eauthor.
_952494
700 _aZuo, Kunkun.
_eauthor.
_952495
700 _aTarisciotti, Luca.
_eauthor.
_952496
700 _aFlores-Bahamonde, Freddy.
_eauthor.
_952497
700 _aXu, Wei.
_eauthor.
_952498
700 _aZhang, Zhenbin.
_eauthor.
_952499
700 _aZhang, Yongchang.
_eauthor.
_952500
700 _aNorambuena, Margarita.
_eauthor.
_952501
700 _aEmadi, Ali.
_eauthor.
_952502
700 _aGeyer, Tobias.
_eauthor.
_952503
700 _aKennel, Ralph.
_eauthor.
_952504
700 _aDragicevic, Tomislav.
_eauthor.
_952505
700 _aKhaburi, Davood Arab.
_eauthor.
_952506
700 _aZhang, Zhen.
_eauthor.
_952507
700 _aAbdelrahem, Mohamed.
_eauthor.
_952508
700 _aMijatovic, Nenad.
_eauthor.
_952509
942 _2ddc
_cPER
999 _c19171
_d19171